000 00864 a2200229 4500
001 64001
005 20260521160828.0
008 260521a1979 arg spa d
003 AR-UNSa-BCEJYS
040 _aAR-UNSa-BCEJYS
_bspa
_cAR-UNSa-BCEJYS
080 _a658.5
_xPlanificación y control de la producción
245 1 0 _aIngeniería de producción
020 _a978-84-234-0455-1
264 1 _aBilbao :
_bEdiciones Deusto
_c1979
300 _axii, 415 p.
_c24 cm.
505 _a1. Primera Parte: Estudio del trabajo. Métodos - 2. Segunda Parte: Estudio del trabajo: Tiempos - 3. Tercera Parte: Ergonomía y enriquecimiento del trabajo - 4. Cuarta Parte: Ingeniería de mantenimiento -
041 _aspa
942 _cBK
590 _aniveau_biblio:m niveau_hierar:0
100 1 _aAlonso de Leciñana, Jesús
700 1 _aRuiz Iturregui, José Maria
999 _c36479
_d36479